书目信息 |
| 题名: |
竞争者
|
|
| 作者: | 费伊 著 ;朱舟 译 | |
| 分册: | ||
| 出版信息: | 北京 中国人民大学出版社 2005.03 |
|
| 页数: | 576页 | |
| 开本: | 23cm | |
| 丛书名: | 工商管理经典译丛 | |
| 单 册: | ||
| 中图分类: | F713.51 | |
| 科图分类: | ||
| 主题词: | 商业信息学--shang ye xin xi xue | |
| 电子资源: | ||
| ISBN: | 7-300-06144-3 | |
| 000 | 01250nam 2200289 450 | |
| 001 | 012007552392 | |
| 005 | 20070929093005.56 | |
| 010 | @a7-300-06144-3@dCNY59.00 | |
| 100 | @a20070724d2005 km y0chiy0120 ea | |
| 101 | 1 | @achi@ceng |
| 102 | @aCN@b110000 | |
| 105 | @ay z 001yy | |
| 200 | 1 | @a竞争者@Ajing zheng zhe@e以才智、谋略与绩效制胜@f(美) 利亚姆·费伊著@F(mei)li ya mu·fei yi zhu@d= Competitors@eoutwitting, outmaneuvering, and outperforming@fLiam Fahey@g朱舟译@Gzhu zhou yi@zeng |
| 210 | @a北京@c中国人民大学出版社@d2005.03 | |
| 215 | @a576页@d23cm | |
| 225 | 2 | @a工商管理经典译丛@Agong shang guan li jing dian yi cong@i竞争力管理系列 |
| 320 | @a有索引。 | |
| 330 | @a本书主要内容包括:提供竞争者学习方法的相关概念;如何进行单个及多个竞争者分析;从组织视角突出分析当前和潜在竞争者存在的某些问题。 | |
| 410 | 0 | @12001 @a工商管理经典译丛@i竞争力管理系列 |
| 500 | 10 | @aCompetitors : outwitting, outmaneuvering, and outperforming@mChinese |
| 517 | 1 | @a以才智、谋略与绩效制胜@Ayi cai zhi、mou lue yu ji xiao zhi sheng |
| 606 | 0 | @a商业信息学@Ashang ye xin xi xue |
| 690 | @aF713.51@v4 | |
| 701 | 1 | @a费伊@Afei yi@g(Fahey, Liam),@f1951- @4著 |
| 702 | 0 | @a朱舟@Azhu zhou@4译 |
| 801 | 0 | @aCN@c20070929 |
| 905 | @dF713.51@eF383 | |
| 竞争者:以才智、谋略与绩效制胜/(美) 利亚姆·费伊著= Competitors:outwitting, outmaneuvering, and outperforming/Liam Fahey/朱舟译.-北京:中国人民大学出版社,2005.03 |
| 576页;23cm.-(工商管理经典译丛.竞争力管理系列) |
| ISBN 7-300-06144-3:CNY59.00 |
| 本书主要内容包括:提供竞争者学习方法的相关概念;如何进行单个及多个竞争者分析;从组织视角突出分析当前和潜在竞争者存在的某些问题。 |
| ● |
| 相关链接 |
|
|
|
正题名:竞争者
索取号:F713.51/F383
 
预约/预借
| 序号 | 登录号 | 条形码 | 馆藏地/架位号 | 状态 | 备注 |
| 1 | 249074 | 202490740 | 社科二线422/409社科库 44排2列3层/ [索取号:F713.51/F383] | 在馆 | |
| 2 | 249075 | 202490759 | 管理学院资料室/ [索取号:F713.51/F383] | 在馆 | |
| 3 | 249076 | 202490768 | 社科库409/409社科库 44排2列2层/ [索取号:F713.51/F383] | 在馆 |